[Event "Lausanne FIDE GP (Women)"]
[Site "Lausanne"]
[Date "2020.03.05"]
[Round "4"]
[White "Goryachkina, Aleksandra"]
[Black "Stefanova, Antoaneta"]
[Result "1-0"]
[WhiteElo "2579"]
[BlackElo "2469"]
[Annotator "Goryachkina,A"]
[PlyCount "95"]
[EventDate "2020.03.02"]
[EventType "tourn"]
[EventRounds "11"]
[EventCountry "SUI"]
[EventCategory "11"]
[SourceTitle "CBM 195"]
[Source "ChessBase"]
[SourceDate "2020.04.30"]
[SourceVersion "1"]
[SourceVersionDate "2020.04.30"]
[SourceQuality "1"]

{[%evp 0,95,19,29,78,86,84,78,77,74,66,60,58,51,43,-1,24,22,17,7,7,-21,-31,-24,
22,20,15,5,5,0,0,-4,23,0,1,3,5,8,14,-11,-8,0,0,1,0,-13,39,26,80,93,133,135,138,
138,143,143,136,142,133,159,151,194,220,223,309,319,335,335,365,350,463,319,
285,215,330,330,324,362,417,434,456,392,448,445,461,461,470,475,471,471,1016,
1016,1016,1016,1015,1016,1016,1016]} 1. Nf3 g6 2. e4 d6 3. d4 Nf6 4. Nc3 Bg7 5.
Be3 O-O 6. Qd2 a6 7. Bh6 c5 $5 {An interesting new move. Ein interessanter
neuer Zug.} ({The main continuation is Die Hauptfortsetzung ist} 7... b5) 8.
Bxg7 Kxg7 9. dxc5 $5 {A safe though not the strongest continuation, aimed at
achieving a small advantage. Eine sichere wenngleich nicht die stärkste
Fortsetzung, die auf das Erlangen eines kleinen Vorteils orientiert ist.} ({
The prinipled answer is Die prinzipielle Antwort ist} 9. O-O-O Nc6 10. dxc5
dxc5 11. Qe3 (11. Qxd8 Rxd8 12. Rxd8 Nxd8 13. e5 Nd7 14. Be2 Nc6 $11) 11... Qa5
12. h3 Be6 13. e5 Ne8 14. h4 h5 15. a3 Nc7 16. Bd3 Nb5 $132 {with a
complicated fight. mit kompliziertem Kampf.}) 9... dxc5 10. Qxd8 ({Also
possible was Möglich war auch} 10. O-O-O Qxd2+ 11. Rxd2 Nc6 (11... b5 $5 $13)
12. e5 Ng4 13. Re2 Nd4 14. Nxd4 cxd4 15. Na4 Be6 $13 {with a complex game. mit
komplexem Spiel.}) 10... Rxd8 11. e5 Nfd7 {The first turning point of the game.
Although this move doesn't spoil much yet, it does give White additional
options. Der erste Wendepunkt der Partie. Obwohl dieser Zug noch nicht viel
verdirbt, gibt er dem Weißen zusätzliche Möglichkeiten.} ({Instead, by
playing Stattdessen hätte Schwarz mittels} 11... Nh5 {(admittedly, this move
is not obvious) Black could have maximally hampered the opponent's development
- (zugegeben, dieser Zug springt nicht ins Auge) die gegnerische Entwicklung
maximal erschweren können - auf} 12. Na4 {is followed by folgt} Nc6 $1 13.
Nxc5 $140 $2 Nb4 14. Bd3 Nf4 15. O-O Nfxd3 16. cxd3 Bg4 $17) 12. O-O-O Nc6 13.
Bc4 Nb6 $6 {The second important moment. After this move Black gets
difficulties with his development. Der zweite wichtige Moment. Nach diesem Zug
bekommt Schwarz Schwierigkeiten mit seiner Entwicklung.} ({Equality would have
been yielded by the active continuation Zum Ausgleich führte die aktive
Fortsetzung} 13... b5 14. Bd5 Bb7 15. Rhe1 (15. e6 $2 Nf6 16. exf7 Nxd5 (16...
b4 17. Ng5 $13) 17. Nxd5 Nd4 18. Nxd4 Bxd5 $17) 15... Nb6 {- here the second
player has no problems. - hier hat der Nachziehende keine Probleme.}) 14. Rxd8
Nxd8 15. Rd1 (15. Bd3 $5 Be6 16. Be4 Rc8 17. Rd1 {with the more pleasant game
for White. mit angenehmerem Spiel für Weiß.}) 15... Bd7 $2 {The third
important moment, perhaps even already the critical one. Black is playing too
passively. Der dritte wichtige, vielleicht sogar bereits der kritische Moment.
Schwarz spielt zu passiv.} ({Active actions were required: Angesagt waren
aktive Handlungen:} 15... Bg4 16. Be2 Nc6 17. h3 Bf5 18. g4 Be6 19. Ng5 Nxe5
20. Nxe6+ fxe6 21. Re1 Nd5 22. Nxd5 exd5 23. Bxa6 Rxa6 24. Rxe5 e6 $11) 16. Ng5
$5 {The momentary placement of Black's pieces is somewhat unstable, and the
first player decides to intiate concrete play where each tempo matters. Die
momentane Aufstellung der schwarzen Figuren ist etwas unsicher, und der
Anziehende trifft die Entscheidung, konkretes Spiel zu initiieren, bei welchem
jedes Tempo wichtig ist.} ({An alternative was Eine Alternative war} 16. Bd5
Rc8 17. Be4 Bc6 18. g3 {with the somewhat better position for White. mit etwas
besserer Stellung für Weiß.}) 16... Bc6 17. Bf1 h6 18. Nge4 Ne6 19. g3 f5 20.
exf6+ exf6 21. a4 $1 {This strong continuation presents Black with a difficult
choice. Diese starke Fortsetzung stellt den Schwarzen vor eine schwierige Wahl.
} f5 ({Perhaps it was worth asking White what he had in mind after Vielleicht
lohnte es sich, den Weißen zu fragen, was er nach} 21... Nxa4 $5 22. Nxa4 Bxa4
23. Bc4 Bc6 {I guess in that case the game would develop like this: im Sinn
hatte. Ich denke, die Partie würde sich in diesem Fall so entwickeln:} 24.
Bxe6 ({but the computer finds the following fantastic sequence of moves: der
Computer aber findet die folgende phantastische Sequenz von Zügen:} 24. Re1 $1
f5 25. Nd6 Nd8 26. Ne8+ $1 Kf8 27. Nf6 Nf7 28. Nh7+ $1 Kg7 29. Re7 Kxh7 30.
Bxf7 Kg7 31. Bd5+ Kf8 32. Rf7+ Ke8 33. Rh7 $16) 24... Bxe4 25. Rd7+ Kh8 26. Bd5
$11) 22. a5 Nd7 23. Nd6 {Black's position is difficult. Die schwarze Stellung
ist schwierig.} Ne5 $2 {A blunder. Ein Einsteller.} ({No better is Nicht
besser ist} 23... Nf6 $2 24. Re1 $18) ({The only move was Der einzige Zug war} 
23... Rd8 {with the follow-up mit der weiteren Variante} 24. Bc4 Nd4 (24...
Ndf8 25. f4 Nd4 26. Nf7 $16) 25. b4 Ne5 26. bxc5 Nxc4 27. Nxc4 $16) 24. f4 Ng4
(24... Nf7 25. Nxf7 Kxf7 26. Bc4 $18) 25. Nxb7 Ne3 26. Re1 Nxf1 27. Rxe6 Bxb7
28. Re7+ Kg8 29. Rxb7 Nxh2 30. Nd5 Nf1 31. Nc7 Rf8 32. Nxa6 Nxg3 33. Nxc5 h5
34. a6 h4 35. a7 h3 36. Nd3 (36. Rb8 h2 37. Rxf8+ Kxf8 38. a8=Q+ Kf7 39. Qb7+
Kg8 40. b4 h1=Q+ 41. Qxh1 Nxh1 42. b5 $18) 36... Ne4 37. Rb8 h2 38. Rxf8+ Kxf8
39. a8=Q+ Kg7 40. Qxe4 fxe4 41. Nf2 e3 42. Nh1 Kf6 43. b4 Kf5 44. b5 Kxf4 45.
b6 Kf3 46. b7 Kg2 47. b8=Q Kxh1 48. Qg3 1-0

[Event "FRA-chT Gp-A"]
[Site "France"]
[Date "2004.04.03"]
[Round "6"]
[White "Guliyev, Namig"]
[Black "Gurevich, Mikhail"]
[Result "0-1"]
[WhiteElo "2453"]
[BlackElo "2656"]
[Annotator "Gurevich,M"]
[PlyCount "74"]
[EventDate "2004.01.30"]
[EventType "team"]
[EventRounds "7"]
[EventCountry "FRA"]
[SourceTitle "CBM 100"]
[Source "ChessBase"]
[SourceDate "2004.06.01"]
[SourceVersion "1"]
[SourceVersionDate "2004.06.01"]
[SourceQuality "1"]
[WhiteTeam "Nancy"]
[BlackTeam "Gonfreville"]
[WhiteTeamCountry "FRA"]
[BlackTeamCountry "FRA"]

1. e4 d6 2. d4 Nf6 3. Nc3 g6 4. Nf3 Bg7 5. Be2 O-O 6. O-O Bg4 (6... Nc6 7. h3
e5 8. dxe5 Nxe5 9. Nxe5 dxe5 10. Qxd8 Rxd8 11. Bg5 c6 12. Rfd1 Be6 $5 (12...
Rxd1+ 13. Rxd1 Be6 14. Bxf6 Bxf6 15. Bg4 Bxg4 16. hxg4 Rd8 17. Rxd8+ Bxd8 $11 {
1/2-1/2 Negulescu,A-Istratescu,A/Sovata 2000/EXT 2001 (63)}) 13. Be3 $6 (13.
Rxd8+ Rxd8 14. Rd1 $11) 13... Rxd1+ 14. Rxd1 Bf8 15. a3 Be7 16. g4 Kf8 17. Kg2
Ke8 18. Kg3 h5 $1 19. Bg5 hxg4 20. Bxf6 Bxf6 21. Bxg4 Ke7 $15 {0-1 Gouliev,
N-Gurevich,M/Metz op 2004 (49)}) 7. h3 Bxf3 8. Bxf3 Nc6 9. Be3 Re8 10. Ne2 (10.
Re1 e5 11. d5 Nd4 12. Bxd4 exd4 13. Nb5 a6 14. Nxd4 Nxd5 15. exd5 Rxe1+ 16.
Qxe1 Bxd4 17. c3 $11 {1/2-1/2 Potkin,V-Gurevich,M/Pardubice 2003/CBM 95 ext 
(25)}) (10. Qd2 e5 11. d5 Nd4 12. Bd1 c6 $132 13. dxc6 bxc6 14. Be2 Rb8 15. Bc4
d5 $17 {0-1 Haznedaroglu,K-Gurevich,M/Izmir 2002/CBM 90 ext (29)}) 10... e5 11.
d5 Nd4 12. Nxd4 exd4 13. Qxd4 $5 {TN} (13. Bxd4 Nxe4 14. Re1 (14. Bxg7 Kxg7 15.
Bxe4 Rxe4 16. Re1 Qe7 $15 {1/2-1/2 Skalkotas,N-Vragoteris,A/Athens 1991/CBM 23
ext (65)}) 14... Ng5 15. Rxe8+ Qxe8 16. Bxg7 Kxg7 17. Qd4+ Qe5 18. Qxe5+ dxe5
19. Be2 f5 $132 {0-1 Diaz,D-Ong Chong Ghee/Moscow 1994/CBM 44 ext (45)}) 13...
Ng4 $5 (13... Nxe4 14. Qb4 Ng5 $5 $132) 14. Qd2 Nxe3 15. Qxe3 (15. fxe3 Qg5 $44
) 15... Bxb2 16. Rab1 Qf6 17. Qb3 (17. c3 Bxc3 18. Rxb7 Bd4 19. Qe2 Bb6 $15)
17... Be5 $5 18. Qxb7 Qf4 19. Rfe1 (19. Rfd1 f5 $5 $36) 19... Qh2+ 20. Kf1 Bc3
$1 {[텥c3-a5-b6|^>>]} 21. Red1 Ba5 $44 22. g3 $6 (22. Qb2 Re5 23. Qb7 Rae8 24.
Qxa7 Bb6 $132) 22... Qxh3+ 23. Bg2 Qh2 24. Qb3 Re5 (24... Bb6 25. Qf3 Re5 $132)
25. Qb7 Ree8 26. e5 (26. Qb3 $142) 26... Bb6 $1 (26... dxe5 $2 27. d6 $1 cxd6
28. Qa6 $16) 27. e6 Rab8 $15 28. Qc6 (28. exf7+ Kxf7 29. Qc6 Kg8 {(н/\30...
Rf8->)}) 28... fxe6 29. dxe6 {[#]} Rf8 $1 $19 30. Rxb6 $8 Qxg3 $1 31. Rd2 (31.
Bf3 Qh3+ 32. Bg2 (32. Kg1 Rxb6) 32... Qe3 $1 $19) 31... Rxb6 32. Qxb6 axb6 33.
e7 Qxg2+ (33... Qg5 34. exf8=Q+ Kxf8 $19) 34. Kxg2 Re8 35. Rd4 Rxe7 36. Rc4 Kf7
37. a4 Ke8 0-1

[Event "Andorra op 23rd"]
[Site "Andorra"]
[Date "2005.07.13"]
[Round "5"]
[White "Arizmendi Martinez, Julen Luis"]
[Black "Gurevich, Mikhail"]
[Result "1/2-1/2"]
[WhiteElo "2504"]
[BlackElo "2669"]
[Annotator "Gurevich,M"]
[PlyCount "75"]
[EventDate "2005.07.09"]
[EventType "swiss"]
[EventRounds "9"]
[EventCountry "AND"]
[SourceTitle "CBM 107 Extra"]
[Source "ChessBase"]
[SourceDate "2005.09.01"]
[SourceVersion "1"]
[SourceVersionDate "2005.09.01"]
[SourceQuality "1"]

1. e4 d6 2. d4 g6 3. Nf3 Bg7 4. Be2 Nf6 5. Nc3 O-O 6. O-O Bg4 7. Bg5 Nc6 8. h3
Bxf3 9. Bxf3 Nd7 10. Ne2 Qe8 11. c3 e5 12. g3 Nb6 (12... Kh8 13. Qd2 Nb6 14.
Bh6 Bxh6 15. Qxh6 Ne7 16. Rad1 Qa4 17. Nc1 Qb5 18. b3 a5 19. a4 Qc6 20. Qe3 $14
{1-0 Milos,G-Vescovi,G/Sao Paulo 1995/CBM 047 ext (39)}) 13. dxe5 {TN} (13. d5
h6 14. Be3 Ne7 15. Qc1 Kh7 16. c4 f5 17. Bg2 Na4 18. Qc2 b6 19. b4 a5 20. a3 f4
21. gxf4 exf4 22. Nxf4 Bxa1 23. Rxa1 $16 {1-0 Fleck,J-Paulsen,D/Germany 1987/
GER-chT (29)}) 13... Qxe5 (13... Nxe5 $5 14. Bg2 Qb5 15. b3 (15. Bc1 Nd3 16. a4
(16. Qb3 a6 $5) 16... Qa6 17. Nf4 Nxc1 18. Qxc1 Qa5 $132) 15... Nf3+ 16. Bxf3
Qxg5 $132) 14. Bf4 Qb5 (14... Qe7 15. Bg2 Rfe8 16. a4 $14) 15. b3 Ne5 16. Bg2
a5 17. Nd4 Qa6 18. a4 c6 {[/\Nb6-d7-c5<=>]} 19. Qc2 (19. Be3 $5 Nbd7 20. f4 Nd3
21. Nb5 cxb5 22. Qxd3 bxa4 23. Qxa6 Rxa6 24. bxa4 Bxc3 25. Rac1 Bb4 26. Rc7 $36
) 19... Nbd7 20. Rfd1 Nc5 21. Be3 Qb6 22. Rab1 (22. Ne2 $5 Qc7 (22... Qxb3 23.
Qxb3 Nxb3 24. Rab1 Nc5 25. Bxc5 dxc5 26. Rxb7 $16) 23. Bxc5 dxc5 24. f4 Nd7 25.
e5 $14) 22... Qc7 23. f4 Ned7 24. b4 $5 axb4 (24... Na6 25. b5 Nac5 26. bxc6
bxc6 27. e5 $16) 25. cxb4 Nxa4 26. Nb5 Qb8 27. Nxd6 Nc3 28. e5 Nxe5 $1 (28...
Nxb1 29. Qxb1 Ra3 30. Qc1 $36) 29. fxe5 Bxe5 30. Ne4 (30. Bd4 Bxd4+ 31. Rxd4
Nxb1 32. Qxb1 Rd8 (32... Qa7 33. Qe4 Qa1+ 34. Kh2 $14) 33. Qd1 $13) 30... Ra2
$5 31. Qd3 Nxb1 32. Qxb1 (32. Rxb1 Qc7 $13) 32... Ra1 33. Qc2 Rxd1+ 34. Qxd1
Qd8 35. Qf3 (35. Qxd8 Rxd8 $13) 35... Bd4 36. Kh2 Bxe3 37. Qxe3 Qe7 38. Qd4 (
38. Qd4 f6 39. Nc5 Kg7 40. Qc4 Re8 41. b5 $11) 1/2-1/2

[Event "Barcelona"]
[Site "Barcelona"]
[Date "1992.05.??"]
[Round "8"]
[White "Ochoa de Echaguen, Francisco Javier"]
[Black "Gurevich, Mikhail"]
[Result "0-1"]
[WhiteElo "2410"]
[BlackElo "2635"]
[Annotator "Hansen,Cu"]
[PlyCount "120"]
[EventDate "1992.05.??"]
[EventType "tourn"]
[EventRounds "11"]
[EventCountry "ESP"]
[EventCategory "13"]
[SourceTitle "CBM 030"]
[Source "ChessBase"]
[SourceDate "1992.10.01"]
[SourceVersion "1"]
[SourceVersionDate "1992.10.01"]
[SourceQuality "1"]

1. e4 d6 2. d4 Nf6 3. Nc3 g6 4. Nf3 Bg7 5. Be2 O-O 6. O-O Bg4 7. Be3 Nc6 8. Qd2
Re8 (8... e5) 9. Rad1 (9. Rfe1 a6 10. a4 $6 (10. Rad1) 10... e5 11. d5 Bxf3 12.
Bxf3 Nd4 13. Bxd4 exd4 14. Na2 Nd7 $15 {Lengyel-Gurevich,M Budapest 1987}) 9...
a6 (9... e5 10. dxe5 Nxe5 (10... dxe5 11. h3 Bxf3 12. Bxf3 Qc8 (12... a6 13.
Na4 Qe7 14. c3 Red8 15. Qc2 Nd7 16. b4 $16 {Miles-Schussler Dortmund 1979}) 13.
Qc1 Nd8 14. Nd5 Ne6 $10 {Formanek-Spassky Reggio Emilia 1985}) 11. Nxe5 Rxe5
12. f3 Bd7 13. Bd4 Re8 14. Bc4 $14 {Weber-Schlemermeyer BL 1991}) 10. Rfe1 e5 (
10... Bxf3 11. Bxf3 e5 12. dxe5 dxe5 13. Na4 (13. Nd5 Nxd5 14. exd5 Nd4 $10 {
Kristjansson-Gurevich,M 1988}) 13... Qe7 14. c3 b6 15. Qe2 $14 {Karpov-Spassky
Hamburg 1982}) 11. dxe5 dxe5 12. Qxd8 $6 (12. Qc1 Qe7 13. Nd5 Nxd5 14. exd5 Nd8
15. c4 f5 16. c5 $16 {Geller-Pribyl 1984}) 12... Raxd8 13. h3 Bxf3 14. Bxf3 Nd4
$10 15. Bxd4 Rxd4 (15... exd4 16. Nd5 $10) 16. Ne2 (16. Nd5 Nxd5 17. exd5 Rxd1
18. Bxd1 e4) 16... Rxd1 17. Rxd1 Bf8 18. Nc1 Bd6 19. Nb3 {/\Na5} Rb8 20. Kf1
Kf8 21. c3 Ke7 22. Na5 c6 23. Ke1 Bc7 24. Nb3 Ne8 25. Be2 Nd6 26. Bd3 b5 $15
27. Ke2 (27. Nc5 Ra8 {/\Bb6}) 27... Bb6 28. Nd2 c5 29. Bc2 c4 30. Nf1 (30. Nf3
f6 31. h4 $15) 30... b4 $1 31. cxb4 Bd4 32. Ne3 $8 Bxe3 33. Kxe3 Rxb4 34. b3 (
34. Rb1 $5) 34... cxb3 35. axb3 Rb6 {/\Nb5-d4} 36. Ra1 Nb7 (36... Nb5 37. Bd3
$10) 37. b4 Rxb4 38. Rxa6 Nc5 39. Ra7+ Kf6 40. g3 Rb2 41. Bd1 Rb4 42. Bc2 g5
43. f4 $6 (43. Ra3 $15) 43... Rc4 44. fxg5+ Kxg5 45. Ra2 Rc3+ 46. Kf2 h5 $17
47. Bb1 h4 48. gxh4+ Kxh4 49. Ra7 Rc1 50. Ba2 Nxe4+ 51. Ke3 f5 $19 52. Be6 Rc3+
53. Ke2 Kg5 54. Rf7 Ng3+ 55. Kd2 Ra3 56. h4+ Kf4 57. h5 Ra6 58. Bb3 Nxh5 59.
Bc2 Ng3 60. Rf8 Ra3 {Hansen,Cu} 0-1

[Event "Ciocaltea Memorial"]
[Site "Bucharest"]
[Date "1997.??.??"]
[Round "3"]
[White "Solak, Dragan"]
[Black "Itkis, Boris"]
[Result "0-1"]
[WhiteElo "2355"]
[BlackElo "2440"]
[Annotator "Har Zvi,R"]
[PlyCount "64"]
[EventDate "1997.03.??"]
[EventType "tourn"]
[EventRounds "13"]
[EventCountry "ROU"]
[EventCategory "10"]
[SourceTitle "CBM 060"]
[Source "ChessBase"]
[SourceDate "1997.09.29"]
[SourceVersion "1"]
[SourceVersionDate "1997.09.29"]
[SourceQuality "1"]

1. e4 g6 2. d4 Bg7 3. Nc3 d6 4. Nf3 a6 5. a4 Nf6 (5... b6 6. Bc4 (6. Be3 e6 7.
Qd2 Bb7 8. Bd3 Nd7 9. h3 c5 10. O-O Ngf6 11. Bh6 O-O $11 {Gausal,E-Karlsson,LA
Stockholm 1990}) 6... e6 (6... Bb7 7. Ng5 e6 8. Bxe6 fxe6 9. Nxe6 Qd7 10. Nd5
$44) 7. O-O Ne7 8. Qe2 h6 9. h3 O-O 10. Bf4 Bb7 11. Rad1 $14 {Gabriel,
C-Bischoff,K Altensteig 1994 CBM 43}) (5... Bg4 $5) (5... Nc6 6. d5 (6. Be2 e5
7. dxe5 Nxe5 8. Nxe5 Bxe5 9. O-O Bg7 10. Bf4 Ne7 11. Qd2 O-O {1/2-1/2 Budnikov,
A-Yudasin,L URS-ch 59 1991}) 6... Nb4 7. a5 e5 8. Bg5 f6 9. Be3 c5 10. dxc6
bxc6 11. Bb6 Qe7 12. Ra4 c5 13. Nd2 Nh6 14. Rxb4 cxb4 15. Nd5 $18 {
Keitlinghaus,L-Sogaard,S Stribrna Skalice 1993}) 6. Be2 (6. h3 Nc6 7. Be3 e5 8.
dxe5 dxe5 9. Bc4 Qxd1+ 10. Rxd1 Be6 11. Bxe6 fxe6 12. Ng5 Nd8 13. O-O $14 {
Sznapik,A-Adamski,A POL-ch 1980}) 6... O-O 7. O-O {this is a very rare
position,without a4 and a6 this is the main line,but a4 here is not something
is white's plans} Nc6 8. d5 Nb4 {this is the reason I believe why having a
pawn on a4 is not a food idea for idea,since now black has the b4 square for
his knight,where if white's pawn was on a2 he could have play a3} 9. a5 $6 {
waste of time,Be3 immediately was better} e6 $1 10. Bf4 $6 {after this move
black's takes immediately the initiative,but anyway black is playing here when
white seems to be in defence} (10. Ra4 c5 11. dxc6 Nxc6 12. Bf4 d5 $36 {
[%csl Ra4]}) (10. dxe6 Bxe6 11. Nd4 Bd7 $13 (11... Re8 $5)) 10... exd5 11. exd5
Bf5 {[%csl Rc2,Rd5]} 12. Ne1 $6 {playing such amove can be good thing for white
} (12. Rc1 $142 Ne4 13. Na4 $8 (13. Nxe4 Bxe4 {[%csl Rb2,Rd5]} 14. Ng5 Nxd5)
13... c6 14. dxc6 bxc6 (14... Nxc6 15. Nb6 Rb8 16. Nc4) 15. Nb6 Bxb2 16. Nxa8
Bxc1 17. Qxc1 Qxa8 $13) (12. Nd4 $2 Nbxd5 13. Nxd5 Nxd5 14. Nxf5 Nxf4) 12...
Re8 {black is threatening to take on d5 nwo,and if the bishop moves from e2
then he will take on e1 and after Nxc2} 13. Ra4 $2 (13. Be3 c6 14. dxc6 bxc6
$15 {/-/+}) 13... Nbxd5 $1 14. Nxd5 Nxd5 15. Qxd5 Rxe2 16. Qxb7 Qe8 $17 (16...
Rb8 $5) 17. Ra1 (17. Be3 Rb8 18. Qa7 (18. Qxc7 $2 Rc8) 18... Qc8 {[%cal Gb8a8]}
19. Rc4 c5 20. b4 Be6 $19) 17... Qe4 {black does not need the queens on the
board,white's queen was his only active piece,look at his pieces now compare
to black's one} 18. Qxe4 Bxe4 19. Ra4 Re8 20. Be3 $6 (20. Rb4 $142 Bxc2 21.
Nxc2 Rxc2 22. b3 Rc5 $17) 20... Bxb2 $19 21. Rc4 c5 22. Nd3 Bg7 23. Rc1 Bxd3
24. cxd3 Bh6 $1 25. R4c2 R2xe3 26. fxe3 Bxe3+ 27. Kf1 Bxc1 28. Rxc1 Rb8 29. d4
Rb5 30. dxc5 dxc5 31. Ra1 h5 32. Ke2 Rb2+ 0-1

[Event "Enghien les Bains 2nd"]
[Site "Enghien les Bains"]
[Date "1997.03.15"]
[Round "2"]
[White "Chabanon, Jean Luc"]
[Black "Ivanov, Mikhail M"]
[Result "1-0"]
[WhiteElo "2435"]
[BlackElo "2500"]
[Annotator "Har Zvi,R"]
[PlyCount "77"]
[EventDate "1997.03.14"]
[EventType "tourn"]
[EventRounds "9"]
[EventCountry "FRA"]
[EventCategory "10"]
[SourceTitle "CBM 058"]
[Source "ChessBase"]
[SourceDate "1997.06.01"]
[SourceVersion "1"]
[SourceVersionDate "1997.06.01"]
[SourceQuality "1"]

1. d4 {Mowsziszian,K} Nf6 2. Nf3 g6 3. Nc3 Bg7 4. e4 d6 5. h3 O-O 6. Be3 c6 (
6... a6 {Mowsziszian,K} 7. a4 b6 8. Bc4 e6 9. Qe2 Bb7 10. e5 Nd5 11. Bg5 Nxc3
12. bxc3 Qe8 13. exd6 cxd6 14. O-O Qc6 15. Ra3 Nd7 16. Rd1 Rfe8 17. Ba2 d5 18.
c4 dxc4 19. Qxc4 Qxc4 20. Bxc4 Rec8 21. Bd3 Bd5 22. Be3 Rab8 23. Rb1 Bc4 24.
Bxc4 Rxc4 25. c3 {1/2-1/2 Jukic,B-Praznik,A/Ljubljana op (03) ;EXP 53 1996}) 7.
Qd2 (7. Bd3 {Mowsziszian,K} Nbd7 8. e5 Nd5 9. Nxd5 cxd5 10. exd6 e5 11. dxe5
Nxe5 12. O-O Qxd6 13. Bf4 Nxf3+ 14. Qxf3 Qb6 15. Rab1 Be6 16. Rfe1 Qa5 17. a3
Bxb2 18. Rxe6 fxe6 19. Rxb2 e5 20. Qg4 Qe1+ 21. Kh2 exf4 22. Rxb7 {1-0 Spassky,
B-Lobron,E/BL 8081 (1980) ;BL 1981 (44)}) 7... b5 (7... Nbd7 8. Bh6 (8. Be2 e5
9. O-O Qe7 10. dxe5 dxe5 11. a3 Nc5 12. Ng5 Ne6 13. Nxe6 Bxe6 14. Rfd1 Rfd8 15.
Qe1 Nd7 16. Rd2 Bf6 $11 {Spassky,B-Pflegar,H BL 1983} (16... Bf6 {Mowsziszian,K
} 17. Rad1 Bg5 18. Bf1 Nb6 19. Bxg5 Qxg5 20. Qe3 Qe7 21. a4 Rxd2 22. Qxd2 Qb4
23. b3 {1/2-1/2 Spassky,B-Pfleger,H/BL 8283 (1983) ;BL 1983})) 8... e5 9. O-O-O
Qa5 10. Bxg7 Kxg7 11. Kb1 b5 12. Ne2 Qxd2 13. Nxd2 Bb7 14. dxe5 dxe5 15. Nc1 a6
16. f3 Nh5 17. Ndb3 Rad8 $11 {Tiviakov,S-Shirov,A Linares 1995 63/(99)}) 8. Bd3
Nbd7 (8... Re8 $6 9. a4 b4 10. Ne2 a5 11. Ng3 Bb7 12. O-O Nbd7 (12... e5 13.
dxe5 dxe5 14. Qe2 $16) 13. Bh6 Bh8 14. e5 $1 $40 {Dvoirys,S-Zakharevich,I
Russia (ch) 1994 62/112}) 9. Bh6 (9. O-O e5 10. dxe5 dxe5 11. a4 b4 12. Ne2 c5
13. c3 Bb7 14. Ng3 Qa5 15. Qc2 Rac8 16. Nd2 $14 {/+/- Belikov,V-Kochetkov,G
Moscow 1995}) (9. e5 b4 10. exf6 bxc3 11. Qxc3 Nxf6 12. Qxc6 Rb8 13. Qa4 Rxb2
14. Qxa7 e5 $44 {Thorhallsson,T-Petursson,M Reykjavik 1992}) 9... e5 10. Bxg7
Kxg7 11. dxe5 dxe5 12. O-O-O (12. a4 b4 13. Ne2 c5 14. Qe3 Qc7 15. Nd2 a5 16.
O-O Nh5 17. Rfd1 Nb6 18. Nc4 Be6 19. Nxb6 Qxb6 20. Bb5 $13 {Short,N-Torre,E
Biel 1985}) 12... a5 (12... Qa5 $5) (12... Qe7 13. g4 Nc5 14. Qe3 a5 15. Ne2)
13. g4 a4 14. Ne2 Qa5 {Mowsziszian: Schwarz versucht die Damen zu tauschen,
weil er Angst vor dem weißen Angriff mit Sg3, Dg5, Sf5+ hat. Aber der normale
Plan wäre} (14... a3 {Mowsziszian,K} 15. b3 Qb6 16. Ng3 c5 {und Schwarz kann
versuchen, die schwarzen Felder am Damenflügel mit der Dame zu nutzen.
Mowsziszian}) 15. Ng3 (15. Qe3 b4) (15. Qxa5 {Mowsziszian,K} Rxa5 16. Ng3 c5 {
/\c4,Lb7,Sc5}) 15... Qxd2+ (15... b4 $5 {Mowsziszian,K} 16. Qg5 (16. Bc4 Qc5 $1
) 16... b3 17. a3 bxc2 18. Bxc2 Rb8 19. Nf5+ Kh8 $132) 16. Kxd2 {[%csl Rc6,Re5]
} h6 {I am not sure if it was necessary to play this move,since I do not
really how dangerous it will be for black after white will play g5 and try to
advance his "h" pawn,because h6 is not only a waste of a tempi but also
weakenss the pawn structure on the king's side} (16... Re8) (16... a3) 17. Ke3
Re8 18. Be2 $1 {[%csl Rc6] opening the file for white;s rook which has a good
square on d6} Nc5 19. Rd6 Bb7 (19... Bxg4 $6 20. hxg4 $1 Nxg4+ 21. Kd2 Nxf2 22.
Rh4 $8 $16 {[%csl Rf2]}) 20. Rg1 $1 Nfd7 21. h4 Re6 $2 {I do not know what
black had missed,but if he had played Nfd7 it means he saw Nf5,so why could
not he see this now? I do not know,what I do know is that after Nf5 black's
position becomes very difficult} (21... Nf8 22. h5 {when of course white has
the advantage but black is still playing}) (21... Nf8 {Mowsziszian,K}) 22. Nf5+
$1 Kh7 (22... Kf8 23. Rxe6 Nxe6 24. Nxh6 {with g5 and Ng4}) 23. Rxe6 fxe6 (
23... Nxe6 24. Nd6 {[%csl Rb7,Rf7]}) 24. Nd6 {[%csl Rb7,Rc6,Re5,Re6]} Kg7 (
24... Rf8 25. b4 axb3 26. axb3) 25. Rd1 Ba6 (25... Rd8 26. b4 axb3 27. axb3 Ba8
28. g5 $16 {/+-}) 26. b4 axb3 27. axb3 Kf8 (27... b4 28. Bxa6 Rxa6 29. Nb7 $1
$18) (27... Rd8 {Mowsziszian,K} 28. b4 Na4 29. Ne8+ $1 Kf7 30. Nc7 Bb7 31.
Nxe5+ $1) 28. b4 Na4 29. Nf7 $1 $18 {the end} Ra7 (29... Kxf7 {Mowsziszian,K}
30. Rxd7+ Kf6 31. g5+ hxg5 32. hxg5#) 30. N7xe5 Nxe5 31. Nxe5 Kg7 32. Rd6 Rc7
33. Rxe6 Bb7 34. Rxg6+ Kh7 35. g5 hxg5 36. hxg5 Nc3 37. Bg4 c5 38. Bf5 Kh8 39.
bxc5 1-0